|
|
|
|
| LEADER |
01928nam a2200325 a 4500 |
| 001 |
2088758 |
| 008 |
090910s1995 aru b 000 0 eng d |
| 010 |
|
|
|a 95037309
|
| 020 |
|
|
|a 0933595972
|
| 040 |
|
|
|a DLC
|c DLC
|d DLC
|
| 082 |
0 |
0 |
|a 363.7/0095
|2 20
|
| 245 |
0 |
0 |
|a Educating new environmental leadership for Asia :
|b the report of the Initiative for Development of Environmental Alliances through Leadership /
|c Kenzo Hemmi and John C. Cool, editors ; sponsored by The Japan Foundation Center for Global Partnership and The Rockefeller Brothers Fund = Ajia no atarashii kankyō rīdā no ikusei o mezashite : Kankyō to Kaihatsu ni Tsuite no Nichi-Bei Ajia Kyōryoku Inishiatibu hōkokusho / Henmi Kenzō, Jon Kūru henshū; josei Kokusai Kōryu Kikin Nichi-Bei Sentā, Rokkuferā Kyōdai Kikin.
|
| 246 |
3 |
1 |
|a Ajia no atarashii kankyō rīdā no ikusei o mezashite
|
| 260 |
|
|
|a Morrilton, Ark. :
|b Winrock International Institute for Agricultural Development,
|c 1995.
|
| 300 |
|
|
|a xxii, 266 p. ;
|c 26 cm.
|
| 504 |
|
|
|a Includes bibliographical references.
|
| 541 |
1 |
|
|e 00005598
|
| 610 |
2 |
0 |
|a Initiative for Development of Environmental Alliances through Leadership (Project)
|
| 650 |
|
0 |
|a Environmentalists
|x Training of
|z Asia.
|
| 650 |
|
0 |
|a Environmental sciences
|x Study and teaching
|z Asia.
|
| 650 |
|
0 |
|a Environmental degradation
|z Asia.
|
| 650 |
|
0 |
|a Environmental policy
|z Asia.
|
| 700 |
1 |
|
|a Henmi, Kenzō,
|d 1923-
|
| 700 |
1 |
|
|a Cool, John C.,
|d 1926-
|
| 710 |
2 |
|
|a Initiative for Development of Environmental Alliances through Leadership (Project)
|
| 710 |
2 |
|
|a Kokusai Kōryū Kikin.
|b Nichi-Bei Sentā.
|
| 710 |
2 |
|
|a Rockefeller Brothers Fund.
|
| 852 |
4 |
|
|a Ayesha Abed Library
|j General shelf
|
| 999 |
|
|
|c 4009
|d 4009
|
| 952 |
|
|
|0 0
|1 0
|2 ddc
|4 0
|6 363_700950000000000_EDU_1995
|7 0
|9 3816
|a BRACUL
|b BRACUL
|c GEN
|d 2009-10-03
|g 0.00
|l 0
|o 363.70095 EDU
|p 3010005598
|r 2009-10-03
|w 2009-10-03
|y BK
|x No price found in the accession register.
|